Business math handbook to accompany practical business math procedures (Record no. 249261)

MARC details
000 -LEADER
fixed length control field 00542nam a2200181Ia 4500
008 - FIXED-LENGTH DATA ELEMENTS--GENERAL INFORMATION
fixed length control field 191130s2011##################000#0#eng##
020 ## - INTERNATIONAL STANDARD BOOK NUMBER
ISBN 9780077327996
082 ## - DEWEY DECIMAL CLASSIFICATION NUMBER
Classification number 650.01513 SLA
100 ## - MAIN ENTRY--AUTHOR NAME
Personal name Slater, Jeffrey
245 ## - TITLE STATEMENT
Title Business math handbook to accompany practical business math procedures
Statement of responsibility, etc Jeffrey Slater
250 ## - EDITION STATEMENT
Edition statement 10th ed
260 ## - PUBLICATION, DISTRIBUTION, ETC. (IMPRINT)
Place of publication New York
Name of publisher McGraw-Hill / Irwin
Year of publication 2011
300 ## - PHYSICAL DESCRIPTION
Number of Pages 46 p. ; 30 cm.
991 ## -
-- 356752
Holdings
Withdrawn status Lost status Damaged status Not for loan Home library Current library Shelving location Date acquired Full call number Accession Number Price effective from Koha item type
        Anna Centenary Library Anna Centenary Library 6TH FLOOR, A WING 13.10.2020 650.01513 SLA 407779 13.10.2020 English Books
        Anna Centenary Library Anna Centenary Library 6TH FLOOR, A WING 13.10.2020 650.01513 SLA 472359 13.10.2020 English Books

Find us on the map